Thooting & Fishing in Egypt
محفوظ في:
التنسيق: كتاب
اللغة: Undetermined
منشور في:
Cairo
THE EGYPTIAN STATE TOURIST DEPARTMENT CAIRO
الوسوم: إضافة وسم
لا توجد وسوم, كن أول من يضع وسما على هذه التسجيلة!
رقم الطلب: (P)SK573 .A55
| LEADER | 00296nam a2200109Ia 4500 | ||
|---|---|---|---|
| 008 | 240503s9999||||xx |||||||||||||| ||und|| | ||
| 050 | 4 | |a (P)SK573 .A55 | |
| 245 | 1 | 0 | |a Thooting & Fishing in Egypt |
| 264 | 1 | |a Cairo |b THE EGYPTIAN STATE TOURIST DEPARTMENT CAIRO | |
| 300 | |a 44 |c 20 | ||
| 942 | |2 lcc |c PT | ||
| 999 | |c 58265 |d 58265 | ||
